=LDR 00000nam 2200000 4500 =001 NUTBA000000000006322 =005 20150205114026.0 =006 =007 =008 =020 ##$$a 978-979-29-2536-4 =035 ##$$0010-121400000000046 =040 ##$$a NBPDMAT =082 ##$$a 610.733 1 =090 ##$$a 610.33 1 $b Isk y =100 ##$$a Iskandar Juridis =245 ##$$a Yang harus dilakukan pertamakali saat gawat dan darurat medis/ $b oleh Iskandar Junaedi; editor Dorce Tandung =250 ##$$a Cet.1 =260 ##$$a Yogyakarta : $b Andi, $c 2011 =300 ##$$avi, 186 hlm. ; $c 22 cm. =650 ##$$a Pertama Peartama =700 ##$$a Dorce Tandung =850 ##$$a NBPDMAT